2012 Olympics (Record no. 118463)
[ view plain ]
| 000 -LEADER | |
|---|---|
| fixed length control field | 00935cam a2200241 4500 |
| 001 - CONTROL NUMBER | |
| control field | ABS68499 |
| 008 - FIXED-LENGTH DATA ELEMENTS--GENERAL INFORMATION | |
| fixed length control field | 041216n2004 000 0 eng u |
| 035 ## - SYSTEM CONTROL NUMBER | |
| System control number | (Sirsi) u128347 |
| 100 ## - MAIN ENTRY--PERSONAL NAME | |
| Personal name | Bolton, A. |
| 245 ## - TITLE STATEMENT | |
| Title | 2012 Olympics |
| 260 ## - PUBLICATION, DISTRIBUTION, ETC. | |
| Date of publication, distribution, etc. | 2004 |
| 490 ## - SERIES STATEMENT | |
| Series statement | New Civil Engineer |
| Volume/sequential designation | 25 November 2004, 14-21(8) |
| 520 ## - SUMMARY, ETC. | |
| Summary, etc. | Series of articles on the construction of the 2012 Olympics infrastructure. Covers what needs to be done to bring the Olympics to London, how the existing transport network will cope with the number of spectators, the infrastructure required, the use of renewable energy supplies and the design of the Olympic facilities. |
| 590 ## - LOCAL NOTE (RLIN) | |
| Local note | ABS |
| 590 ## - LOCAL NOTE (RLIN) | |
| Local note | ABS |
| 650 ## - SUBJECT ADDED ENTRY--TOPICAL TERM | |
| Topical term or geographic name entry element | LONDON 2012 OLYMPIC BID |
| 650 ## - SUBJECT ADDED ENTRY--TOPICAL TERM | |
| Topical term or geographic name entry element | OLYMPIC STADIA |
| 650 ## - SUBJECT ADDED ENTRY--TOPICAL TERM | |
| Topical term or geographic name entry element | SPORTS FACILITIES |
| 650 ## - SUBJECT ADDED ENTRY--TOPICAL TERM | |
| Topical term or geographic name entry element | TRANSPORT INFRASTRUCTURE |
| 690 ## - LOCAL SUBJECT ADDED ENTRY--TOPICAL TERM (OCLC, RLIN) | |
| Topical term or geographic name as entry element | BUILDING AND CONSTRUCTION-ENGINEERING-CIVIL |
| 700 ## - ADDED ENTRY--PERSONAL NAME | |
| Personal name | Hansford, M. |
| 942 ## - ADDED ENTRY ELEMENTS (KOHA) | |
| Suppress in OPAC | 0 |
| Withdrawn status | Lost status | Source of classification or shelving scheme | Damaged status | Not for loan | Home library | Current library | Shelving location | Date acquired | Total Checkouts | Full call number | Barcode | Date last seen | Copy number | Price effective from | Koha item type |
|---|---|---|---|---|---|---|---|---|---|---|---|---|---|---|---|
| Dewey Decimal Classification | London | London | Journal article | 16/12/2004 | ABS68499 | 128347-1001 | 06/08/2019 | 1 | 06/08/2019 | Journal article |